000 00790nam a22002297a 4500
005 20111011142756.0
010 _aG-001728
020 _c90.00
_a8186017283
035 _aG-001728
037 _bGift
082 _a574.999
100 _aGhose, Partha
_935468
245 _aCosmic quest /
_cby Partha Ghose
260 _aCalcutta
_bThema
_c2000
270 _a46 Satish Mukherjee Road
_bCalcutta
_e700026
300 _a89p.
_c22cm (pbk)
_bphotos
500 _aIncludes index
650 _aEnglish Poetry
_935469
942 _2ddc
_cCH
_h574.999
_mGHO
999 _c57533
_d57533